|
|
|
|
| LEADER |
01342nam a2200241 a 4500 |
| 001 |
GR-MES16417 |
| 008 |
140429s2004 gr g 000 0 gre d |
| 020 |
|
|
|a 9603872369
|
| 040 |
|
|
|a GrPaTEI
|b gre
|c GR-PaULI
|
| 040 |
|
|
|a GrPaTEI
|b gre
|c GR-PaULI
|
| 082 |
|
0 |
|a 004.21
|2 22
|
| 100 |
1 |
|
|a Κρητικός, Κώστας
|
| 245 |
1 |
0 |
|a Οδηγός επιτυχίας για το επαγγελματικό πιστιπιητικό EUCIP(European Certification of Informstics Professionals) :
|b εξειδικευμένες δεξιότητες: ανάλυση και σχεδίαση συστημάτων /
|c Κώστας Κρητικός
|n Γνωστική περιοχή 3 .
|p Λειτουργία(Οperate).
|
| 260 |
|
|
|a Αθήνα :
|b Β.Γκιούρδας,
|c 2004
|
| 300 |
|
|
|a xii,530 σ. :
|b εικ.
|
| 650 |
|
4 |
|a Ηλεκτρονικοί υπολογιστές
|x Δίπλωμα ΕUCIP
|
| 650 |
|
4 |
|a Σχεδιασμός συστημάτων
|
| 650 |
1 |
0 |
|a πληροφοριακά συστήματα διοίκησης
|
| 710 |
0 |
|
|a Γκιούρδας
|
| 942 |
|
|
|2 ddc
|
| 952 |
|
|
|0 0
|1 0
|2 ddc
|4 0
|6 004_000000000000000_21ΚΡΗ
|7 0
|9 274420
|a MSLG
|b MSLG
|c BSC
|d 2021-01-17
|e 24
|f 0
|g 0.00
|l 0
|o 004.21ΚΡΗ
|p 2420000026953
|r 2021-01-17 00:00:00
|t 1
|w 2021-01-17
|y BK15
|x 20140429 0 Κ.Γ. 1
|x GrPaTEI
|
| 971 |
|
|
|a .b25824661
|b 01-10-20
|c 13-09-16
|
| 999 |
|
|
|c 158775
|d 158775
|